Sports Quiz

Random Sports or Letter Quiz

NBA Top 5 Scorers per Letter Quiz Stats

 Plays Quiz Updated Jun 25, 2015

Also try: NBA Top 10 (2000s)
Challenge
Share
Tweet
Embed
Score 0/123 Timer 15:00
4 Plays Today
% Correct
Michael Jordan
91.6%
Kobe Bryant
91.1%
Kareem Abdul-Jabbar
87.9%
LeBron James
86%
Magic Johnson
83.1%
Eddie Johnson
82.8%
Karl Malone
81.3%
Moses Malone
81.2%
Shaquille O'Neal
80.4%
Jermaine O'Neal
80.1%
Wilt Chamberlain
76.9%
Larry Bird
76.4%
Allen Iverson
73.9%
Tim Duncan
73.8%
Ray Allen
73.3%
Kevin Garnett
72.3%
Paul Pierce
70.2%
Dirk Nowitzki
70.1%
David Robinson
66.8%
Jerry West
66.7%
Clifford Robinson
66.6%
Scottie Pippen
63.7%
Hakeem Olajuwon
62.7%
Patrick Ewing
62.6%
Isiah Thomas
62.3%
Oscar Robertson
61.4%
Steve Nash
61.1%
Vince Carter
60.2%
Charles Barkley
59.9%
John Stockton
59%
Julius Erving
58.7%
Reggie Miller
57.3%
Jason Kidd
54.5%
Dominique Wilkins
52%
Clyde Drexler
50.9%
Tracy McGrady
49.9%
John Havlicek
49.3%
Elgin Baylor
48.6%
George Gervin
48.2%
Yao Ming
47%
Bob Cousy
46.9%
% Correct
Robert Parish
45.3%
Gary Payton
43.2%
Alex English
42.6%
Jerry Stackhouse
39.1%
Elvin Hayes
38.8%
Joe Dumars
38.6%
Walter Davis
38%
Bernard King
37.2%
Wes Unseld
36.4%
Grant Hill
35.3%
Bob Pettit
34.6%
Walt Frazier
33.1%
Carmelo Anthony
33.1%
Dwayne Wade
33%
Shawn Kemp
32.8%
Adrian Dantley
31.8%
Antawn Jamison
30.9%
Tiny Archibald
30.3%
Thaddeus Young
29.7%
Nick Young
29.7%
Danny Young
29.7%
Zydrunas Ilgauskas
28.1%
Rashard Lewis
27.8%
Andre Iguodala
27%
Chet Walker
26.8%
Chris Quinn
25.7%
Bob McAdoo
24.9%
Mitch Richmond
23.9%
Lenny Wilkens
23.4%
Dale Ellis
22.4%
Tom Chambers
22.3%
Jason Terry
22.2%
Glen Rice
21.5%
Bob Lanier
21.4%
Keith Van Horn
21.4%
Pau Gasol
20.9%
World B. Free
20.7%
Bob Love
20.7%
Dolph Schayes
20.5%
Bill Laimbeer
20%
Michael Finley
19.4%
% Correct
Hal Greer
18.9%
Dan Issel
18.2%
Latrell Sprewell
18.2%
Kiki Vandeweghe
17.9%
Lamar Odom
16.7%
Jerry Lucas
16.7%
Mark Aguirre
16.6%
Nick Van Exel
16.5%
Walt Bellamy
16.1%
Gail Goodrich
16.1%
Larry Nance
14.1%
Charles Oakley
13.9%
Red Kerr
13.2%
Jack Sikma
11.2%
Terry Cummings
10.7%
Reggie Theus
10%
Beno Udrih
9.3%
James Edwards
8.5%
Otis Thorpe
7.7%
Lou Hudson
7.6%
Dick Van Arsdale
7.4%
Tom Van Arsdale
7.4%
Tyler Zeller
6.9%
Cody Zeller
6.7%
Jack Twyman
6.7%
George Yardley
6.5%
Jerome Kersey
4.9%
Bob Quick
4.8%
Bailey Howell
4.6%
Sleepy Floyd
4.1%
Max Zaslofsky
3.3%
Ime Udoka
2.9%
Ekpe Udoh
2.8%
George Zidek
2.7%
Johnny Newman
2.7%
Mike Newlin
2.1%
Brian Quinnett
2%
Larry Foust
1.8%
Darrall Imhoff
1.7%
Kelvin Upshaw
1.7%
Zeke Zawoluk
1.2%

You're not logged in!

Compare scores with friends on all Sporcle quizzes.
Join for Free
OR
Log In

You Might Also Like...

Show Comments

Extras

Top Quizzes Today


Score Distribution

Your Account Isn't Verified!

In order to create a playlist on Sporcle, you need to verify the email address you used during registration. Go to your Sporcle Settings to finish the process.

Report this User

Report this user for behavior that violates our Community Guidelines.

Details: